[Event "Team men HL chess 2018"]
[Site "Sochi"]
[Date "2018.05.10"]
[Round "9.1"]
[White "Chigaev, Maksim"]
[Black "Rozum, Ivan"]
[Result "1/2-1/2"]
[WhiteElo "2565"]
[BlackElo "2581"]
[PlyCount "80"]
[EventDate "2018.05.01"]

1. e4 c6 2. d4 d5 3. e5 Bf5 4. Nd2 e6 5. Nb3 Nd7 6. Nf3 Qc7 7. Be2 c5 8. c3 h6
9. O-O c4 10. Nbd2 Ne7 11. b3 cxb3 12. Qxb3 Nc6 13. c4 Na5 14. Qa4 dxc4 15.
Nxc4 Nxc4 16. Bxc4 Rc8 17. Bb3 Bd3 18. Rd1 b5 19. Qa6 Nb8 20. Qxc8+ Qxc8 21.
Rxd3 Nd7 22. d5 exd5 23. Be3 Ba3 24. Bxd5 Bb2 25. Rad1 Nxe5 26. Nxe5 Bxe5 27.
Rc1 Qb8 28. Bc6+ Ke7 29. f4 Bd6 30. Re1 Kf8 31. Bf2 Bb4 32. Re4 Qc8 33. Re8+
Qxe8 34. Bxe8 Kxe8 35. Bxa7 Ke7 36. Rd5 Ra8 37. Rxb5 Rxa7 38. Rxb4 Rxa2 39. Rb6
h5 40. g3 g6 1/2-1/2

[Event "Team men HL chess 2018"]
[Site "Sochi"]
[Date "2018.05.10"]
[Round "9.2"]
[White "Lintchevski, Daniil"]
[Black "Zhurikhin, Alexander"]
[Result "1/2-1/2"]
[WhiteElo "2544"]
[BlackElo "2371"]
[PlyCount "97"]
[EventDate "2018.05.01"]

1. Nf3 Nf6 2. c4 c6 3. e3 d5 4. Nc3 Bg4 5. Qb3 Qb6 6. Ne5 Be6 7. d4 Nbd7 8.
Nxd7 Bxd7 9. Bd2 e6 10. Bd3 dxc4 11. Bxc4 Be7 12. O-O O-O 13. Rfd1 Rfd8 14. Be1
c5 15. d5 exd5 16. Nxd5 Nxd5 17. Bxd5 Be6 18. Bxe6 fxe6 19. Qc4 Rxd1 20. Rxd1
Rd8 21. Rxd8+ Bxd8 22. b3 Qc6 23. a4 a6 24. a5 Qd5 25. Qc2 Bf6 26. Kf1 g6 27.
f3 Kf7 28. Ke2 Ke8 29. Bf2 Qc6 30. Qd3 Bd8 31. Be1 Qb5 32. h3 Bc7 33. g4 Bd6
34. Bd2 Kd7 35. f4 Kc6 36. e4 Bc7 37. h4 Bd8 38. g5 Bc7 39. f5 exf5 40. exf5
gxf5 41. h5 Be5 42. h6 f4 43. Qxb5+ axb5 44. Kf3 Kd5 45. Bxf4 Bc3 46. g6 hxg6
47. h7 Ke6 48. Ke4 c4 49. bxc4 1/2-1/2

[Event "Team men HL chess 2018"]
[Site "Sochi"]
[Date "2018.05.10"]
[Round "9.3"]
[White "Aminov, Andrey"]
[Black "Moiseenko, Vadim"]
[Result "0-1"]
[WhiteElo "2296"]
[BlackElo "2522"]
[PlyCount "70"]
[EventDate "2018.05.01"]

1. e4 e5 2. Nf3 Nc6 3. Nc3 Nf6 4. d4 exd4 5. Nxd4 Bb4 6. Nxc6 bxc6 7. Bd3 d6 8.
Bg5 Qd7 9. h3 Qe6 10. O-O O-O 11. a3 Ba5 12. Re1 Nd7 13. b4 Bb6 14. Nd5 Ne5 15.
Nxb6 axb6 16. f4 Nxd3 17. cxd3 f6 18. f5 Qe5 19. d4 Qe7 20. Bf4 Bd7 21. a4 Qf7
22. a5 bxa5 23. bxa5 Rfb8 24. Qd2 Kh8 25. e5 Qd5 26. exf6 gxf6 27. Re7 Bxf5 28.
Rxc7 Rb3 29. a6 Bxh3 30. Ra5 c5 31. dxc5 Rd3 32. Qb2 Qf5 33. Bh6 Rg8 34. a7
Rd1+ 35. Kh2 Rh1+ 0-1

[Event "Team men HL chess 2018"]
[Site "Sochi"]
[Date "2018.05.10"]
[Round "9.4"]
[White "Smirnov, Artem"]
[Black "Kostin, Alexey"]
[Result "1-0"]
[WhiteElo "2400"]
[BlackElo "2291"]
[PlyCount "79"]
[EventDate "2018.05.01"]

1. d4 Nf6 2. Bg5 e6 3. Nd2 c5 4. e3 Be7 5. c3 b6 6. Ngf3 Bb7 7. Bd3 Nc6 8. O-O
O-O 9. a3 d6 10. Re1 Nd5 11. Bxe7 Qxe7 12. Bf1 Nf6 13. e4 cxd4 14. cxd4 d5 15.
e5 Nd7 16. b4 Rfc8 17. Bd3 Rc7 18. h4 Rac8 19. Nf1 Nd8 20. Qd2 Nf8 21. h5 h6
22. Rac1 Bc6 23. Ne3 Qd7 24. Ng4 Bb5 25. Rxc7 Rxc7 26. Nf6+ gxf6 27. exf6 e5
28. Nxe5 Qe8 29. Qxh6 Nde6 30. Re3 Bxd3 31. Rxd3 Nh7 32. Rg3+ Kh8 33. Rg7 Qg8
34. Rxg8+ Kxg8 35. f4 Rc1+ 36. Kh2 Rf1 37. Nc6 Rxf4 38. Ne7+ Kh8 39. Ng6+ fxg6
40. hxg6 1-0

[Event "Team men HL chess 2018"]
[Site "Sochi"]
[Date "2018.05.10"]
[Round "9.1"]
[White "Goryachkina, Aleksandra"]
[Black "Novikov, Konstantin"]
[Result "1-0"]
[WhiteElo "2496"]
[BlackElo "2255"]
[PlyCount "80"]
[EventDate "2018.05.01"]

1. d4 Nf6 2. c4 c5 3. d5 b5 4. cxb5 a6 5. bxa6 g6 6. Nc3 Bg7 7. e4 O-O 8. Be2
Bxa6 9. e5 Ne8 10. Nf3 d6 11. Bf4 Nd7 12. exd6 Nxd6 13. O-O Qb6 14. Rb1 Rfb8
15. Nd2 Ne5 16. Nb3 Bc4 17. Re1 Bxb3 18. axb3 Qb4 19. Qc1 Qxb3 20. Bxe5 Bxe5
21. Bd1 Bxc3 22. Bxb3 Bxe1 23. Qxe1 Rxb3 24. Qxe7 Rxb2 25. Rf1 Ra6 26. h4 h5
27. Qf6 Rab6 28. Re1 Rb1 29. Rxb1 Rxb1+ 30. Kh2 Ne4 31. Qf4 Rb4 32. f3 Nc3 33.
Qe5 Nxd5 34. Qxd5 Rxh4+ 35. Kg3 Rd4 36. Qxc5 Rd8 37. Kf4 Re8 38. Kg5 Kg7 39.
Qc3+ Kh7 40. Qf6 Rf8 1-0

[Event "Team men HL chess 2018"]
[Site "Sochi"]
[Date "2018.05.10"]
[Round "9.2"]
[White "Novikov, Maxim"]
[Black "Potapov, Pavel"]
[Result "1/2-1/2"]
[WhiteElo "2488"]
[BlackElo "2492"]
[PlyCount "81"]
[EventDate "2018.05.01"]

1. e4 c5 2. Nf3 Nc6 3. Nc3 e5 4. Bc4 Be7 5. d3 d6 6. Nd2 Nf6 7. Nf1 Nd7 8. Nd5
O-O 9. Ng3 Nb6 10. O-O Bg5 11. f4 exf4 12. Bxf4 Nxc4 13. dxc4 Ne5 14. b3 Bxf4
15. Rxf4 Ng6 16. Rf2 Re8 17. Nf5 f6 18. Qd3 Bxf5 19. exf5 Ne5 20. Qg3 Nc6 21.
c3 Re5 22. Rd1 Rc8 23. h4 Qf8 24. h5 Qf7 25. h6 Kh8 26. hxg7+ Qxg7 27. Qxg7+
Kxg7 28. Nf4 Rxf5 29. g4 Re5 30. Rxd6 Rce8 31. Nh5+ Kg6 32. Nxf6 R8e6 33. Rxe6
Rxe6 34. Nd7 Kg5 35. Nxc5 Re7 36. Nd3 Kxg4 37. Kg2 Re3 38. Rf4+ Kg5 39. Rf3
Re2+ 40. Rf2 Re3 41. Rf3 1/2-1/2

[Event "Team men HL chess 2018"]
[Site "Sochi"]
[Date "2018.05.10"]
[Round "9.3"]
[White "Belyakov, Bogdan"]
[Black "Sadovsky, Artem"]
[Result "1/2-1/2"]
[WhiteElo "2479"]
[BlackElo "2393"]
[PlyCount "81"]
[EventDate "2018.05.01"]

1. e4 c6 2. d4 d5 3. Nd2 dxe4 4. Nxe4 Nd7 5. Bd3 Ngf6 6. Ng5 e6 7. N1f3 h6 8.
Ne4 Nxe4 9. Bxe4 Bd6 10. O-O Qc7 11. Re1 O-O 12. c3 c5 13. Bc2 cxd4 14. Qxd4 e5
15. Qh4 Nc5 16. Bxh6 gxh6 17. Qxh6 f6 18. Rad1 Rf7 19. Qg6+ Rg7 20. Qxf6 Bg4
21. Qxd6 Qxd6 22. Rxd6 Bxf3 23. Rg6 Rxg6 24. Bxg6 Bc6 25. Rxe5 Rd8 26. f3 Rd1+
27. Kf2 Rd2+ 28. Re2 Rxe2+ 29. Kxe2 Na4 30. Bc2 Nxb2 31. Bb3+ Kg7 32. c4 Kf6
33. Kd2 Ke5 34. Kc3 Na4+ 35. Bxa4 Bxa4 36. Kd3 Be8 37. g3 Bg6+ 38. Ke3 Bf7 39.
Kd3 Bg6+ 40. Ke3 Bf7 41. Kd3 1/2-1/2

[Event "Team men HL chess 2018"]
[Site "Sochi"]
[Date "2018.05.10"]
[Round "9.4"]
[White "Shkurkin, Andrey"]
[Black "Savitskiy, Sergey"]
[Result "0-1"]
[WhiteElo "2239"]
[BlackElo "2416"]
[PlyCount "76"]
[EventDate "2018.05.01"]

1. c4 e5 2. g3 Nc6 3. Bg2 g6 4. Nc3 Bg7 5. e3 f5 6. d3 Nf6 7. Nge2 O-O 8. O-O
d6 9. Rb1 Be6 10. Nd5 Rb8 11. b4 Ne7 12. Nec3 c6 13. Nxf6+ Bxf6 14. b5 cxb5 15.
Rxb5 e4 16. Nd5 Nxd5 17. cxd5 Bd7 18. Rb1 Qa5 19. dxe4 Qxa2 20. Bd2 Ba4 21. Qe1
Bc2 22. Rc1 Bxe4 23. Bxe4 fxe4 24. Bc3 Qxd5 25. Bxf6 Rxf6 26. Rc7 Rf7 27. Qc3
Rxc7 28. Qxc7 Rf8 29. Rc1 a5 30. Kg2 a4 31. Qd7 Qf7 32. Qxd6 Qxf2+ 33. Kh3 Qf5+
34. Kg2 Qf3+ 35. Kh3 Rf5 36. Qd8+ Kg7 37. Rc7+ Kh6 38. Qh4+ Rh5 0-1

[Event "Team men HL chess 2018"]
[Site "Sochi"]
[Date "2018.05.10"]
[Round "9.1"]
[White "Rychagov, Andrey"]
[Black "Dulenko, Maxim"]
[Result "1-0"]
[WhiteElo "2534"]
[BlackElo "2143"]
[PlyCount "153"]
[EventDate "2018.05.01"]

1. d4 d5 2. c4 c6 3. Nf3 Nf6 4. Nc3 a6 5. c5 Nbd7 6. Bf4 Nh5 7. Bd2 Nhf6 8. Qc2
g6 9. g3 Bg7 10. Bg2 O-O 11. O-O Re8 12. Rad1 b6 13. cxb6 Qxb6 14. Rc1 Bb7 15.
Na4 Qb5 16. Nc3 Qb6 17. Rfd1 e5 18. Na4 Qa7 19. dxe5 Ng4 20. e3 Ngxe5 21. Nxe5
Nxe5 22. Bc3 Rad8 23. Bd4 Qb8 24. Qc3 f6 25. h3 Qd6 26. e4 Kh8 27. Bc5 Qb8 28.
Bb6 Rd7 29. Nc5 Rde7 30. exd5 cxd5 31. Nxb7 Qxb7 32. Bd4 Rd8 33. f4 Nd7 34. Qc7
Qxc7 35. Rxc7 Ree8 36. Rdc1 Nf8 37. R7c6 f5 38. Bxg7+ Kxg7 39. Kf2 d4 40. Re1
a5 41. Rc7+ Kh6 42. Rxe8 Rxe8 43. g4 g5 44. fxg5+ Kxg5 45. Rc5 a4 46. Rxf5+ Kh6
47. Bf1 Rc8 48. Bd3 Ng6 49. h4 Kg7 50. h5 Ne7 51. Ra5 Rb8 52. Ra7 Kf6 53. g5+
Ke6 54. Rxa4 Rxb2+ 55. Kf3 Rh2 56. Ra6+ Ke5 57. Ra5+ Ke6 58. Kg4 Nc6 59. Bc4+
Ke7 60. Rd5 Rg2+ 61. Kf3 Rc2 62. Bb5 Ke6 63. Bxc6 Rxc6 64. Rxd4 Rc3+ 65. Kg4
Ra3 66. Re4+ Kf7 67. Rf4+ Ke6 68. g6 hxg6 69. hxg6 Rxa2 70. Kg5 Rg2+ 71. Kh6
Rh2+ 72. Kg7 Ke7 73. Re4+ Kd6 74. Kg8 Rg2 75. g7 Rf2 76. Rh4 Ke7 77. Kh8 1-0

[Event "Team men HL chess 2018"]
[Site "Sochi"]
[Date "2018.05.10"]
[Round "9.2"]
[White "Bogachkova, Alena"]
[Black "Novikov, Stanislav"]
[Result "0-1"]
[WhiteElo "2110"]
[BlackElo "2540"]
[PlyCount "64"]
[EventDate "2018.05.01"]

1. d4 Nf6 2. Nf3 g6 3. g3 Bg7 4. Bg2 O-O 5. O-O d6 6. Nc3 Nbd7 7. e4 e5 8. h3
c6 9. a4 Re8 10. Re1 Qc7 11. Be3 b6 12. Qd2 a6 13. g4 Bb7 14. g5 Nh5 15. d5
cxd5 16. Nxd5 Bxd5 17. Qxd5 Nf4 18. Bxf4 exf4 19. c3 Rad8 20. Qd2 Nc5 21. Qc2
Re7 22. Rad1 Rde8 23. Nh2 Re5 24. h4 Qd7 25. Rd4 h6 26. Red1 hxg5 27. Rxd6 Qc8
28. b4 Nxe4 29. Bxe4 Rxe4 30. f3 Re1+ 31. Rxe1 Rxe1+ 32. Kf2 Re3 0-1

[Event "Team men HL chess 2018"]
[Site "Sochi"]
[Date "2018.05.10"]
[Round "9.3"]
[White "Obolentseva, Alexandra"]
[Black "Mamedov, Elmin"]
[Result "1/2-1/2"]
[WhiteElo "2316"]
[BlackElo "2179"]
[PlyCount "129"]
[EventDate "2018.05.01"]

1. d4 Nf6 2. c4 g6 3. Nc3 Bg7 4. e4 d6 5. Nf3 O-O 6. Be2 e5 7. O-O Nc6 8. d5
Ne7 9. b4 Ne8 10. c5 h6 11. Nd2 f5 12. Nc4 g5 13. a4 fxe4 14. cxd6 Nxd6 15.
Nxd6 cxd6 16. Nxe4 Bf5 17. Ng3 Bg6 18. Be3 Nf5 19. Nxf5 Bxf5 20. a5 a6 21. Qb3
Qd7 22. b5 axb5 23. Bxb5 Qe7 24. Qb4 Rfc8 25. Rac1 h5 26. Qd2 Bf6 27. Be2 h4
28. Bd3 e4 29. Be2 Qg7 30. Qb4 Be5 31. Qb6 g4 32. Rxc8+ Rxc8 33. Rc1 Rxc1+ 34.
Bxc1 Qd7 35. Qe3 Qg7 36. g3 h3 37. Bb5 Bd4 38. Qf4 Qf6 39. Ba3 Be5 40. Qc1 Qd8
41. Bb4 Kh7 42. Qe3 Qf6 43. Qb6 Qe7 44. Bd2 Bc8 45. Be3 Bg7 46. Bc4 Kg6 47. Be2
Bf5 48. Bb5 Bc8 49. Bf1 Be5 50. Be2 Bf5 51. Bb5 Bc8 52. Bf1 Bf5 53. Bb5 Bc8 54.
Bd4 Bxd4 55. Qxd4 Bf5 56. Qh8 Bd7 57. Qg8+ Kh6 58. Bxd7 Qxd7 59. Qf8+ Kh7 60.
Qf6 Qc8 61. Qf7+ Kh6 62. Qf6+ Kh5 63. Qf7+ Kh6 64. Qf6+ Kh5 65. Qf7+ 1/2-1/2

[Event "Team men HL chess 2018"]
[Site "Sochi"]
[Date "2018.05.10"]
[Round "9.4"]
[White "Utiatskaja, Irina"]
[Black "Yeritsyan, Aram"]
[Result "1/2-1/2"]
[WhiteElo "2159"]
[BlackElo "2332"]
[PlyCount "88"]
[EventDate "2018.05.01"]

1. e4 e5 2. Nf3 Nc6 3. d4 exd4 4. Nxd4 Bb4+ 5. c3 Bc5 6. Be3 Bb6 7. Nf5 Bxe3 8.
Nxe3 d6 9. Bd3 Nf6 10. O-O O-O 11. f4 Re8 12. Nd2 d5 13. Nxd5 Nxd5 14. exd5
Qxd5 15. Qc2 h6 16. Be4 Qc5+ 17. Kh1 Bg4 18. Rae1 Rad8 19. h3 Be6 20. f5 Bd5
21. f6 g5 22. h4 Be6 23. Bxc6 Qxc6 24. hxg5 Bd5 25. Nf3 Bxf3 26. Rxe8+ Rxe8 27.
Rxf3 Re1+ 28. Kh2 Qd6+ 29. Rg3 h5 30. Qf5 Re6 31. Qh3 Qc5 32. g6 Qe5 33. g7
Qxf6 34. Qxh5 Qh6 35. Qxh6 Rxh6+ 36. Kg1 Rf6 37. b3 b5 38. Rg5 c6 39. c4 a6 40.
cxb5 cxb5 41. a4 bxa4 42. bxa4 Rf4 43. Ra5 Rf6 44. Rg5 Rf4 1/2-1/2

[Event "Team men HL chess 2018"]
[Site "Sochi"]
[Date "2018.05.10"]
[Round "9.1"]
[White "Panarin, Mikhail"]
[Black "Utnasunov, Alexander"]
[Result "1/2-1/2"]
[WhiteElo "2551"]
[BlackElo "2446"]
[PlyCount "51"]
[EventDate "2018.05.01"]

1. e4 c6 2. d4 d5 3. Nd2 dxe4 4. Nxe4 Bf5 5. Ng3 Bg6 6. h4 h6 7. Nf3 Nd7 8. h5
Bh7 9. Bd3 Bxd3 10. Qxd3 e6 11. Bd2 Ngf6 12. O-O-O Be7 13. Qe2 O-O 14. Nf1 c5
15. g4 cxd4 16. g5 Nd5 17. gxh6 Qb6 18. Rg1 Ba3 19. bxa3 Nc3 20. Bxc3 dxc3 21.
Rxg7+ Kh8 22. Rh7+ Kg8 23. Rg7+ Kh8 24. Rh7+ Kg8 25. Rg7+ Kh8 26. Rh7+ 1/2-1/2

[Event "Team men HL chess 2018"]
[Site "Sochi"]
[Date "2018.05.10"]
[Round "9.3"]
[White "Oganian, Miran"]
[Black "Nechaev, Oleg"]
[Result "1/2-1/2"]
[WhiteElo "2422"]
[BlackElo "2410"]
[PlyCount "37"]
[EventDate "2018.05.01"]

1. d4 Nf6 2. c4 e6 3. Nc3 d5 4. Nf3 dxc4 5. e4 Bb4 6. Bxc4 Nxe4 7. O-O Nxc3 8.
bxc3 Bd6 9. Ng5 h6 10. Qh5 O-O 11. Ne4 f5 12. Nxd6 cxd6 13. Bxh6 gxh6 14. Qg6+
Kh8 15. Qxh6+ Kg8 16. Qg6+ Kh8 17. Qh6+ Kg8 18. Qg6+ Kh8 19. Qh6+ 1/2-1/2

[Event "Team men HL chess 2018"]
[Site "Sochi"]
[Date "2018.05.10"]
[Round "9.1"]
[White "Gusarov, Grigory"]
[Black "Sychev, Klementy"]
[Result "1/2-1/2"]
[WhiteElo "2367"]
[BlackElo "2550"]
[PlyCount "80"]
[EventDate "2018.05.01"]

1. d4 Nf6 2. c4 e6 3. Nf3 d5 4. g3 Bb4+ 5. Bd2 Be7 6. Bg2 O-O 7. O-O c6 8. Qc2
b6 9. Bf4 Bb7 10. Nbd2 Nh5 11. Rfd1 Nxf4 12. gxf4 Nd7 13. cxd5 exd5 14. Rac1
Rc8 15. e3 Rc7 16. Nb1 Bd6 17. Nc3 Qe7 18. Ne5 Nf6 19. Qa4 Ra8 20. h3 Kh8 21.
Kh1 Qe8 22. Kg1 Qf8 23. Rc2 Qe7 24. Rdc1 Kg8 25. Kh1 g6 26. Kg1 Kg7 27. a3 Kg8
28. Kh1 Kg7 29. Kg1 Qd8 30. Kh1 Ng8 31. Na2 Ne7 32. Nb4 Bxe5 33. fxe5 Qd7 34.
Nd3 Nf5 35. Nf4 Nh4 36. Qb3 Rac8 37. Qa4 Ba8 38. b4 Qf5 39. Qb3 Nxg2 40. Kxg2
Qd7 1/2-1/2

[Event "Team men HL chess 2018"]
[Site "Sochi"]
[Date "2018.05.10"]
[Round "9.2"]
[White "Demidov, Mikhail"]
[Black "Ozgibcev, Anatoly"]
[Result "1-0"]
[WhiteElo "2511"]
[BlackElo "2376"]
[PlyCount "61"]
[EventDate "2018.05.01"]

1. d4 d5 2. c4 e6 3. Nf3 c5 4. cxd5 exd5 5. g3 Nc6 6. Bg2 Nf6 7. O-O cxd4 8.
Nxd4 Be7 9. Nc3 O-O 10. Bf4 Qb6 11. Nxc6 bxc6 12. Qd2 Bb4 13. a3 Bxc3 14. Qxc3
Ne4 15. Qb4 Be6 16. Rac1 Rfc8 17. Rc2 c5 18. Qxb6 axb6 19. Rd1 f5 20. Rcc1 d4
21. e3 g5 22. Be5 dxe3 23. fxe3 Rd8 24. Bc7 Rxd1+ 25. Rxd1 b5 26. g4 Kf7 27.
gxf5 Bxf5 28. Rd5 Kg6 29. Rxc5 Rc8 30. Rc1 Kf6 31. Bxe4 1-0

[Event "Team men HL chess 2018"]
[Site "Sochi"]
[Date "2018.05.10"]
[Round "9.3"]
[White "Dilmukhametov, Artur"]
[Black "Saulin, Dmitri"]
[Result "1-0"]
[WhiteElo "2348"]
[BlackElo "2376"]
[PlyCount "89"]
[EventDate "2018.05.01"]

1. e4 c5 2. c3 d6 3. Nf3 Nf6 4. h3 g6 5. Bd3 Bg7 6. Bc2 O-O 7. O-O Nc6 8. Re1
e5 9. d4 Qe7 10. dxe5 dxe5 11. Bg5 h6 12. Bxf6 Qxf6 13. Nbd2 Be6 14. Nf1 Qd8
15. Qe2 Qb6 16. Bd3 Rfd8 17. Ne3 Rd7 18. Bc4 Ne7 19. a4 a6 20. a5 Qc6 21. Bxe6
Qxe6 22. Nd2 Rad8 23. Ndc4 Qc6 24. Qc2 h5 25. Nb6 Rd6 26. Nec4 Re6 27. Rad1
Rxd1 28. Rxd1 Qb5 29. Rd8+ Kh7 30. Rd7 Nc6 31. Qa4 Nxa5 32. Qxb5 axb5 33. Nxa5
Rxb6 34. Nxb7 c4 35. Rxf7 Ra6 36. g3 Kg8 37. Rd7 Ra2 38. Nd6 Bf8 39. Nxb5 Rxb2
40. Rd5 Bh6 41. Nd6 Re2 42. Kf1 Rc2 43. Nxc4 Rxc3 44. Nxe5 h4 45. gxh4 1-0

[Event "Team men HL chess 2018"]
[Site "Sochi"]
[Date "2018.05.10"]
[Round "9.1"]
[White "Tregubov, Pavel V"]
[Black "Jary, Sergey"]
[Result "1-0"]
[WhiteElo "2578"]
[BlackElo "2297"]
[PlyCount "81"]
[EventDate "2018.05.01"]

1. d4 Nf6 2. c4 g6 3. Nc3 d5 4. Nf3 c6 5. Bf4 Bg7 6. e3 O-O 7. Be2 Bf5 8. O-O
dxc4 9. Bxc4 Nbd7 10. h3 Nb6 11. Bb3 Ne4 12. Rc1 Rc8 13. Qe2 Qd7 14. Rfd1 Nd5
15. Bh2 Ndxc3 16. bxc3 Be6 17. Ne5 Bxe5 18. dxe5 Qc7 19. Bxe6 fxe6 20. Qc4 Ng5
21. h4 b5 22. Qg4 Nf7 23. Qxe6 Rfd8 24. h5 Kg7 25. hxg6 hxg6 26. Rd4 c5 27. Rg4
Nh8 28. Rh4 Qd7 29. Qxd7 Rxd7 30. e6 Rd5 31. c4 bxc4 32. e4 Rh5 33. Rxh5 gxh5
34. f4 Ng6 35. f5 Nf8 36. Be5+ Kh6 37. Rxc4 Kg5 38. Kf2 Kg4 39. Ra4 Nh7 40.
Rxa7 Ng5 41. Ke3 1-0

[Event "Team men HL chess 2018"]
[Site "Sochi"]
[Date "2018.05.10"]
[Round "9.2"]
[White "Shemyakin, Valeriy"]
[Black "Gluhovsky, Mark"]
[Result "1/2-1/2"]
[WhiteElo "2266"]
[BlackElo "2312"]
[PlyCount "85"]
[EventDate "2018.05.01"]

1. d4 Nf6 2. Nc3 c5 3. d5 g6 4. e4 d6 5. Nf3 Bg7 6. Bb5+ Nbd7 7. a4 O-O 8. O-O
a6 9. Bd3 Ne8 10. a5 b5 11. axb6 Nxb6 12. Qe2 Nc7 13. Nd2 e6 14. Nc4 Nb5 15.
Bg5 Qxg5 16. Nxb6 Rb8 17. Nxc8 Nxc3 18. bxc3 Rfxc8 19. dxe6 fxe6 20. Rxa6 Qe7
21. Bc4 Bxc3 22. Qd3 Be5 23. Qh3 Re8 24. f4 Bd4+ 25. Kh1 Kh8 26. c3 Bg7 27. Qd3
Rbd8 28. g3 d5 29. exd5 exd5 30. Bxd5 Qe2 31. Qxe2 Rxe2 32. c4 Rb8 33. Ra8 Rxa8
34. Bxa8 Ra2 35. Be4 Ra1 36. Bb1 Ra4 37. Rc1 Bb2 38. Rc2 Rb4 39. Kg2 Bd4 40.
Ba2 Rb2 41. Rxb2 Bxb2 42. Kf3 Kg7 43. Ke4 1/2-1/2

[Event "Team men HL chess 2018"]
[Site "Sochi"]
[Date "2018.05.10"]
[Round "9.3"]
[White "Barskij, Vladimir"]
[Black "Kurbedinov, Ramis"]
[Result "0-1"]
[WhiteElo "2386"]
[BlackElo "2309"]
[PlyCount "58"]
[EventDate "2018.05.01"]

1. e4 e5 2. Nc3 Nf6 3. f4 d5 4. fxe5 Nxe4 5. Qf3 Nxc3 6. dxc3 Be7 7. Bf4 Be6 8.
O-O-O Nd7 9. Qg3 g5 10. Be3 c5 11. Bb5 a6 12. Bxd7+ Qxd7 13. Nf3 h6 14. h4 Qa4
15. hxg5 Qxa2 16. Rxh6 O-O-O 17. Rxh8 Rxh8 18. Nd2 d4 19. cxd4 cxd4 20. Bxd4
Qa1+ 21. Nb1 Rd8 22. Qc3+ Kb8 23. Kd2 Qa4 24. Kc1 Qa1 25. Kd2 Bg4 26. Rf1 Qa4
27. Ke3 Bxg5+ 28. Ke4 f5+ 29. Rxf5 Rxd4+ 0-1

[Event "Team men HL chess 2018"]
[Site "Sochi"]
[Date "2018.05.10"]
[Round "9.4"]
[White "Shemeakin, Alexander"]
[Black "Burtasova, Anna"]
[Result "1-0"]
[WhiteElo "2263"]
[BlackElo "2276"]
[PlyCount "107"]
[EventDate "2018.05.01"]

1. d4 Nf6 2. c4 c5 3. d5 b5 4. Nf3 Bb7 5. a4 Qa5+ 6. Bd2 b4 7. Qc2 d6 8. Bg5
Nbd7 9. e4 g6 10. Be2 Bg7 11. O-O O-O 12. Nbd2 Rae8 13. h3 e6 14. Rfe1 e5 15.
Nh2 Bc8 16. g4 h6 17. Be3 Nh7 18. Ndf3 f5 19. gxf5 gxf5 20. exf5 e4 21. Nh4 Qd8
22. Ng6 Rxf5 23. Kh1 Qf6 24. Rg1 Rg5 25. Nf4 Ndf8 26. Nh5 Qxb2 27. Qxb2 Bxb2
28. Bxg5 hxg5 29. Rab1 Bd4 30. Kg2 Ng6 31. Ng4 Rf8 32. Rgf1 Nh4+ 33. Kg1 Nf3+
34. Bxf3 Rxf3 35. Kg2 Ba6 36. Rfe1 Bxc4 37. Rxe4 Rd3 38. Re7 Bxd5+ 39. Kh2 Rf3
40. Rbe1 Nf8 41. Rd1 Ng6 42. Rxa7 Kf8 43. Nhf6 Nf4 44. Nh7+ Ke8 45. Nxg5 Rd3
46. Re1+ Kd8 47. Nh6 Be5 48. Nhf7+ Bxf7 49. Nxf7+ Kc8 50. Nxd6+ Kb8 51. Rb7+
Ka8 52. Rxe5 Rxd6 53. Rf7 Ne6 54. Rf6 1-0

[Event "Team men HL chess 2018"]
[Site "Sochi"]
[Date "2018.05.10"]
[Round "9.1"]
[White "Babarykin, Stanislav"]
[Black "Airapetian, Gor"]
[Result "1/2-1/2"]
[WhiteElo "2379"]
[BlackElo "2437"]
[PlyCount "80"]
[EventDate "2018.05.01"]

1. d4 d5 2. Bf4 Nf6 3. e3 c5 4. c3 Nc6 5. Nd2 Bf5 6. Ngf3 Qb6 7. dxc5 Qxc5 8.
Nb3 Qb6 9. a4 a6 10. a5 Qd8 11. Nbd4 Bd7 12. Nxc6 bxc6 13. Ne5 g6 14. Bd3 Bg7
15. O-O O-O 16. Qe2 Qc8 17. c4 Qb7 18. Rfc1 Rfc8 19. Rc2 Be8 20. Rac1 Nd7 21.
Nxd7 Bxd7 22. cxd5 cxd5 23. e4 Rxc2 24. Rxc2 Bc6 25. exd5 Bxd5 26. Rc7 Qxb2 27.
Qxb2 Bxb2 28. Rxe7 Ba3 29. Rc7 Bb4 30. Kf1 Be6 31. Rc6 Bd7 32. Rxa6 Rxa6 33.
Bxa6 Bxa5 34. Ke2 Be6 35. f3 Kg7 36. g4 f6 37. Bd3 Bd8 38. Bg3 h5 39. gxh5 gxh5
40. Bf4 Bb6 1/2-1/2

[Event "Team men HL chess 2018"]
[Site "Sochi"]
[Date "2018.05.10"]
[Round "9.2"]
[White "Grigorjev, Iljya"]
[Black "Meshkov, Yuri A"]
[Result "1/2-1/2"]
[WhiteElo "2318"]
[BlackElo "2315"]
[PlyCount "179"]
[EventDate "2018.05.01"]

1. Nf3 Nf6 2. b3 g6 3. Bb2 Bg7 4. g3 O-O 5. Bg2 d5 6. O-O a5 7. c4 c5 8. cxd5
Nxd5 9. Bxg7 Kxg7 10. Qc1 Na6 11. Rd1 Qb6 12. Nc3 Nxc3 13. Qxc3+ f6 14. d4 cxd4
15. Qxd4 Qxd4 16. Nxd4 Rb8 17. Rac1 Rd8 18. a3 Rd6 19. Nb5 Rxd1+ 20. Rxd1 Bg4
21. Rd2 Be6 22. Nd4 Bf7 23. Rd3 Rc8 24. f4 Rc1+ 25. Kf2 Nc5 26. Re3 Rd1 27. b4
axb4 28. axb4 Na6 29. Ne6+ Bxe6 30. Rxe6 Kf7 31. Rb6 Rd4 32. b5 Nc5 33. Bxb7
Nxb7 34. Rxb7 Rb4 35. b6 h5 36. Rb8 h4 37. Kf3 Rb3+ 38. e3 hxg3 39. hxg3 f5 40.
b7 Kg7 41. Kg2 Rb1 42. g4 Rb3 43. gxf5 gxf5 44. Kf3 Kf7 45. Ke2 Ke6 46. Kd2 Kd7
47. Kc2 Rb5 48. Kc3 Rb1 49. Kc4 Rb2 50. Kd4 Rb4+ 51. Kd3 Rb3+ 52. Kc4 Rb1 53.
Rf8 Rxb7 54. Rxf5 Ke6 55. Re5+ Kf6 56. Kd3 Rb1 57. Ke4 Rb4+ 58. Kf3 Rb3 59. Ra5
Rc3 60. Ra6+ Kf5 61. Ra8 Rb3 62. Rf8+ Kg6 63. Ke4 Kg7 64. Rf5 Kg6 65. Ra5 Kf6
66. Ra6+ Kf7 67. f5 Rb4+ 68. Ke5 Rb5+ 69. Kf4 Rb4+ 70. e4 Rb1 71. Rh6 Kg7 72.
Rh4 Rb5 73. e5 Rb1 74. Rg4+ Kf8 75. Kg5 Re1 76. e6 Kg7 77. Kf4+ Kf8 78. Rg3
Rf1+ 79. Ke4 Re1+ 80. Re3 Ra1 81. Rc3 Re1+ 82. Kd5 Rd1+ 83. Kc5 Re1 84. Kd4
Rd1+ 85. Rd3 Rf1 86. Ke5 Re1+ 87. Kd5 Kg7 88. Kc6 Kf6 89. Kd7 Ra1 90. Rd5
1/2-1/2

[Event "Team men HL chess 2018"]
[Site "Sochi"]
[Date "2018.05.10"]
[Round "9.3"]
[White "Suslov, Evgeniy"]
[Black "Grachev, Andrey"]
[Result "1/2-1/2"]
[WhiteElo "2305"]
[BlackElo "2189"]
[PlyCount "86"]
[EventDate "2018.05.01"]

1. Nf3 d5 2. g3 Bg4 3. Bg2 Nd7 4. O-O c6 5. d3 e5 6. h3 Bh5 7. Nbd2 Ngf6 8. e4
dxe4 9. dxe4 Qc7 10. Qe1 Be7 11. Nh4 O-O 12. Nf5 Bc5 13. Nc4 Rfe8 14. a4 Rad8
15. b4 Bf8 16. Be3 b5 17. Nb2 a6 18. c4 c5 19. axb5 axb5 20. g4 Bg6 21. bxc5
bxc4 22. Qa5 Qxa5 23. Rxa5 Ra8 24. Rxa8 Rxa8 25. Nxc4 Bxc5 26. Bxc5 Nxc5 27.
Ne7+ Kf8 28. Nxg6+ hxg6 29. Nxe5 Nfxe4 30. Rc1 Re8 31. f4 Rd8 32. Bxe4 Nxe4 33.
Re1 Nf6 34. Kg2 Rc8 35. Ra1 Rc7 36. Ra6 Nd5 37. Kf3 Nf6 38. g5 Rc3+ 39. Ke2 Nd5
40. Ra7 Rc7 41. Rxc7 Nxc7 42. Kf3 Ke7 43. Ke4 Ke6 1/2-1/2

[Event "Team men HL chess 2018"]
[Site "Sochi"]
[Date "2018.05.10"]
[Round "9.4"]
[White "Ajrapetian, Gevorg"]
[Black "Komissarov, Alexey"]
[Result "1-0"]
[WhiteElo "2398"]
[BlackElo "2197"]
[PlyCount "59"]
[EventDate "2018.05.01"]

1. e4 c5 2. Nf3 d6 3. d4 cxd4 4. Nxd4 Nf6 5. f3 e5 6. Bb5+ Nbd7 7. Nf5 d5 8.
exd5 a6 9. Ba4 b5 10. Bb3 Nb6 11. Ne3 Bc5 12. Nc3 Bb7 13. Qd3 O-O 14. Bd2 Rc8
15. O-O-O b4 16. Ne4 Nfd7 17. d6 Kh8 18. Nf5 h6 19. Nxc5 Nxc5 20. Qe3 Qf6 21.
Ne7 e4 22. Nxc8 Rxc8 23. Bxb4 Nxb3+ 24. Qxb3 exf3 25. gxf3 Bxf3 26. Rhf1 Bxd1
27. Rxf6 Bxc2 28. Rxh6+ Kg8 29. Qe3 Nd5 30. d7 1-0